Normal view
MARC view
- Reimpell, D. J Stoll, D. K
Entry Personal Name
001 - CONTROL NUMBER
- control field: 73560
003 - CONTROL NUMBER IDENTIFIER
- control field: NUST
005 - DATE AND TIME OF LATEST TRANSACTION
- control field: 20210628205033.0
008 - FIXED-LENGTH DATA ELEMENTS
- fixed length control field: 210628|| aca||aabn | a|a d
040 ## - CATALOGING SOURCE
- Original cataloging agency: NUST
- Transcribing agency: NUST
100 ## - HEADING--PERSONAL NAME
- Personal name: Reimpell, D. J Stoll, D. K
670 ## - SOURCE DATA FOUND
- Source citation: Work cat.: (NUST): Reimpell, D. J Stoll, D. K, The automotive chassis engineering principles, 1996
